Le pénitencier - Johnny Hallyday - PAROLES - Statistiques

Statistiques générales
  • Ce quiz a été pris 133 fois
  • Le résultat moyen est 95 sur 131
Statistiques - réponses
Réponse % Correct
le
100%
du
99%
les
99%
penitencier
99%
pénitencier
99%
portes
99%
se
99%
vont
99%
bientot
96%
et
94%
je
94%
la
94%
ma
94%
m'a
94%
ce
92%
c'est
92%
que
92%
vie
92%
finirai
91%
d'autres
90%
comme
87%
l'ont
87%
a
85%
à
85%
me
83%
refermer
81%
de
80%
gars
79%
mere
78%
finie
76%
ne
74%
sa
74%
fermer
73%
moi
71%
pour
70%
fait
69%
donné
66%
il
66%
jamais
65%
pleurer
65%
qui
64%
tout
64%
en
63%
robe
63%
trop
63%
nuit
62%
tu
62%
mariée
61%
t'ai
61%
pardonner
60%
ils
58%
pas
58%
dans
55%
peut
54%
toi
54%
nous
53%
qu'on
53%
vos
53%
peux
51%
prison
51%
garçons
49%
seuls
49%
soir
49%
droit
47%
fille
47%
iront
47%
rues
47%
aimé
46%
laissez
46%
n'est
46%
trainer
46%
oublier
45%
soleil
45%
larmes
44%
oh
44%
as
43%
perdu
43%
tricher
40%
faut
38%
mères
37%
demain
35%
gagner
35%
versées
35%
peux-tu
34%
écoutez-moi
33%
honte
26%
Aucun quiz correspondant
Distribution des résultats
% des personnes avec chaque résultat
Percentile par nombre de réponses
Votre historique - résultats
Vous n’avez pas pris ce quiz